Gladi: Jurnal Ilmu Keolahragaan | LPPM Universitas Negeri Jakarta

Manylion Llyfryddiaeth
Fformat: Electronig Cylchgrawn
Iaith:English
Cyhoeddwyd: Cambridge University Press
Mynediad Ar-lein:Full text available on Research4Life (HINARI,AGORA,OARE,ARDI & GOALI)
LEADER 00774cas a2200181 a 4500
001 AALejournalResearch4Life007313
008 240902c9999 xx r poo 0 0eng d
022 |a 16931556 
022 |a 25978942 
040 |a BD-DhAAL  |c BD-DhAAL 
245 0 0 |h [electronic resource]  |a Gladi: Jurnal Ilmu Keolahragaan | LPPM Universitas Negeri Jakarta 
260 |b Cambridge University Press 
300 |a 1 online resource 
362 0 |a 2017 - current issue 
500 |a <strong>On-Campus Access Only (IP based access)</strong> 
506 |a Electronic access restricted to authorized BRAC University faculty, staff and students 
538 |a Mode of access: Internet 
856 4 0 |z Full text available on Research4Life (HINARI,AGORA,OARE,ARDI & GOALI)  |u http://journal.unj.ac.id/unj/index.php/gjik